000 00441nam a2200169Ia 4500
008 230524s9999 xx 000 0 und d
082 _a658.401
_bCOU
100 _aAnne T.Coughlan
245 0 _aMarketing Channels
250 _aIST
260 _aNEW DELHI
_bPearson
_c2009
300 _aVIII;243
500 _aQuantity Number: 8
650 _aManagement
700 _a" Erin Anderson, Louis W.Stern , Adel I.EI-Ansary,,"
942 _cBK
999 _c45119
_d45119